000 01742 a2200241 4500
003 Nust
005 20221024174032.0
010 _a 96039669
020 _a002802253X (student ed.)
020 _a0028022602 (instructor's annotated ed.)
040 _cNust
082 0 0 _a621.3,GRO
100 1 _aGrob, Bernard.
_919461
245 1 0 _aBasic electronics /
_cBernard Grob.
250 _a8th ed.
260 _aNew York :
_bGlencoe/McGraw-Hill,
_cc1997.
300 _axiii, 1060 p. :
_bcol. ill. ;
_c27 cm.
505 _aSeries Circuits (Page-10), Electricity (Page-16), Resistors (Page-48), Ohm's Law (Page-72), Parallel Circuits (Page-132), Series-Parallel Circuits (Page-162), Voltage Dividers and Current Dividers (Page-196), Direct-Current Meters (Page-256), Kirchhoff's Laws (Page-276), Network Theorems (Page-312), Conductors and Insulators (Page-312), Batteries (Page-342), Magnetism (Page-378), Magnetic Units (Page-398), Electromagnetic Induction (Page-418), Alternating Voltage and Current (Page-442), Capacitance (Page-488), Capacitive Reactance (Page-526),Capacitive Circuits (Page-546), Inductance (Page-574), Inductive Reactance (Page-620), Inductive Circuits (Page-640), RC and L/R Time Constants (Page-666), Alternating Current Circuits (Page-700), Complex Numbers for AC Circuits (Page-726), Resonance (Page-758), Filters (Page-796), Electronic Devices (Page-846), Electronic Circuits (Page-876), Transistor Amplifiers (Page-810), Digital Electronics (Page-936), Integrated Circuits (Page-970).
650 0 _aElectronics.
856 4 2 _3Publisher description
_uhttp://www.loc.gov/catdir/description/mh031/96039669.html
856 4 2 _3Table of contents
_uhttp://www.loc.gov/catdir/toc/mh031/96039669.html
942 _2ddc
_cBK
999 _c180414
_d180414